000 01199cam a2200361 a 4500
999 _c34990
_d34990
001 17130133
003 OSt
005 20200131121000.0
007 ta
008 111126s2012 ii 001 0 eng d
010 _a 2012323261
020 _a9789380828619
020 _a9380828616
025 _aI-E-2012-323261; 62-91
035 _a(OCoLC)ocn767804168
035 _a(OCoLC)767804168
037 _aLibrary of Congress -- New Delhi Overseas Office
040 _coclc
042 _alccopycat
_alcode
043 _aa-ii---
050 0 0 _aDS480.852
_b.D426 2012
082 0 4 _a954.051
_223
_bDEV/J
100 _aDevasahayam, M G
_91701
245 1 0 _aJP movement, emergency, and India's second freedom /
_cM G Devasahayam
260 _aNew Delhi :
_bVitasta Pub. :
_bMarketed and distributed exclusively by Times Group Books,
_cc2012.
300 _a264 p. ;
_c22 cm.
500 _aIncludes index.
600 1 0 _aNarayan, Jayaprakash,
_d1902-1979.
651 0 _aIndia
_xPolitics and government
_y1975-1977.
906 _a7
_bcbc
_ccopycat
_d3
_encip
_f20
_gy-gencatlg
942 _2ddc
_cBK
_h954.051
_iDEV/J
_k954.051
_mDEV/J